[Event "Russian Blitz Championship (w)"]
[Site "Sochi"]
[Date "2022.10.14"]
[Round "8.4"]
[White "Dimitrova, Aleksandra"]
[Black "Potapova, Margarita"]
[Result "1/2-1/2"]
[BlackElo "2150"]
[WhiteElo "2051"]
[LiveChessVersion "1.4.8"]

1. e4 {[%clk 0:03:03]} c6 {[%clk 0:03:04]} 2. d4 {[%clk 0:03:04]} d5
{[%clk 0:03:05]} 3. e5 {[%clk 0:03:05]} Bf5 {[%clk 0:03:07]} 4. Nc3
{[%clk 0:03:06]} e6 {[%clk 0:03:07]} 5. g4 {[%clk 0:03:07]} Bg6 {[%clk 0:03:08]}
6. Nge2 {[%clk 0:03:07]} c5 {[%clk 0:03:04]} 7. h4 {[%clk 0:02:57]} h5
{[%clk 0:03:06]} 8. Nf4 {[%clk 0:02:57]} Bh7 {[%clk 0:03:07]} 9. Nxh5
{[%clk 0:02:56]} Nc6 {[%clk 0:03:07]} 10. dxc5 {[%clk 0:02:46]} Bxc5
{[%clk 0:02:44]} 11. Bg5 {[%clk 0:02:46]} Qb6 {[%clk 0:02:37]} 12. Nxg7+
{[%clk 0:02:36]} Kf8 {[%clk 0:02:38]} 13. Nxe6+ {[%clk 0:02:36]} fxe6
{[%clk 0:02:39]} 14. Qf3+ {[%clk 0:02:33]} Ke8 {[%clk 0:02:38]} 15. O-O-O
{[%clk 0:02:29]} Rc8 {[%clk 0:02:32]} 16. Bd3 {[%clk 0:02:02]} Nxe5
{[%clk 0:02:22]} 17. Qe2 {[%clk 0:01:40]} Nxd3+ {[%clk 0:02:23]} 18. Rxd3
{[%clk 0:01:22]} Bxd3 {[%clk 0:01:58]} 19. Qxd3 {[%clk 0:01:22]} Ne7
{[%clk 0:01:49]} 20. Re1 {[%clk 0:01:14]} Bb4 {[%clk 0:01:27]} 21. Bxe7
{[%clk 0:01:01]} Bxc3 {[%clk 0:01:16]} 22. Ba3 {[%clk 0:00:36]} Bxe1
{[%clk 0:00:50]} 23. Qg6+ {[%clk 0:00:37]} Kd8 {[%clk 0:00:39]} 24. Qf6+
{[%clk 0:00:29]} Kc7 {[%clk 0:00:35]} 25. Qe5+ {[%clk 0:00:30]} Kd7
{[%clk 0:00:34]} 26. Qg7+ {[%clk 0:00:26]} Kc6 {[%clk 0:00:34]} 27. Qe7
{[%clk 0:00:22]} a5 {[%clk 0:00:15]} 28. Qxe6+ {[%clk 0:00:19]} Kb5
{[%clk 0:00:16]} 29. Qe2+ {[%clk 0:00:14]} Kc6 {[%clk 0:00:11]} 30. Qe6+
{[%clk 0:00:12]} Kc7 {[%clk 0:00:10]} 31. Qe5+ {[%clk 0:00:08]} Kc6
{[%clk 0:00:11]} 32. Qe6+ {[%clk 0:00:07]} Kb5 {[%clk 0:00:09]} 33. Qe2+
{[%clk 0:00:06]} Rc4 {[%clk 0:00:10]} 34. b3 {[%clk 0:00:07]} Qxf2
{[%clk 0:00:11]} 35. bxc4+ {[%clk 0:00:07]} dxc4 36. Qe5+ {[%clk 0:00:07]} Kc6
{[%clk 0:00:05]} 37. Qd6+ {[%clk 0:00:05]} Kb5 {[%clk 0:00:05]} 38. Qe5+
{[%clk 0:00:07]} Kc6 {[%clk 0:00:06]} 39. Qd6+ {[%clk 0:00:08]} Kb5
{[%clk 0:00:07]} 40. Qe5+ {[%clk 0:00:09]} Kb6 {[%clk 0:00:05]} 41. Qxh8 Qd2+
{[%clk 0:00:06]} 42. Kb1 {[%clk 0:00:04]} Qd1+ {[%clk 0:00:07]} 43. Bc1
{[%clk 0:00:04]} Qd5 {[%clk 0:00:04]} 44. Qb2+ Ka7 {[%clk 0:00:05]} 45. h5
{[%clk 0:00:05]} Bb4 {[%clk 0:00:04]} 46. h6 {[%clk 0:00:06]} Bc5
{[%clk 0:00:05]} 47. Qb5 {[%clk 0:00:07]} Qd4 {[%clk 0:00:04]} 48. Qxa5+ Kb8
{[%clk 0:00:05]} 49. Qb5 {[%clk 0:00:08]} Bd6 {[%clk 0:00:04]} 50. h7
{[%clk 0:00:09]} Be5 {[%clk 0:00:05]} 51. Qe8+ {[%clk 0:00:08]} Ka7
{[%clk 0:00:06]} 52. Qa4+ {[%clk 0:00:09]} Kb8 {[%clk 0:00:08]} 53. Qe8+ Ka7
{[%clk 0:00:08]} 54. Qa4+ {[%clk 0:00:11]} Kb8 {[%clk 0:00:08]} 1/2-1/2

[Event "Russian Blitz Championship (w)"]
[Site "Sochi"]
[Date "2022.10.14"]
[Round "8.5"]
[White "Styazhkina, Anna"]
[Black "Pogonina, Natalija"]
[Result "1-0"]
[BlackElo "2332"]
[WhiteElo "2121"]
[LiveChessVersion "1.4.8"]

1. e4 {[%clk 0:03:02]} e5 {[%clk 0:03:03]} 2. Nc3 {[%clk 0:03:00]} Nf6
{[%clk 0:03:03]} 3. f4 {[%clk 0:03:01]} d5 {[%clk 0:03:03]} 4. fxe5
{[%clk 0:03:01]} Nxe4 {[%clk 0:03:02]} 5. Qf3 {[%clk 0:03:02]} Nc6
{[%clk 0:03:00]} 6. Bb5 {[%clk 0:03:02]} Nxc3 {[%clk 0:02:53]} 7. dxc3
{[%clk 0:02:41]} Be6 {[%clk 0:02:45]} 8. Ne2 {[%clk 0:02:31]} Qh4+
{[%clk 0:02:31]} 9. g3 {[%clk 0:02:11]} Qg4 {[%clk 0:02:29]} 10. Qxg4
{[%clk 0:01:24]} Bxg4 {[%clk 0:02:30]} 11. Nd4 {[%clk 0:01:25]} Bd7
{[%clk 0:02:27]} 12. Nxc6 {[%clk 0:01:14]} bxc6 {[%clk 0:02:24]} 13. Bd3
{[%clk 0:01:15]} Bc5 {[%clk 0:02:15]} 14. Bf4 {[%clk 0:01:13]} a5
{[%clk 0:02:11]} 15. a4 {[%clk 0:01:03]} Bh3 {[%clk 0:01:51]} 16. O-O-O
{[%clk 0:00:42]} h6 {[%clk 0:01:41]} 17. Rhe1 {[%clk 0:00:31]} O-O
{[%clk 0:01:30]} 18. c4 {[%clk 0:00:18]} Bg4 {[%clk 0:01:13]} 19. Be2
{[%clk 0:00:18]} Be6 {[%clk 0:01:11]} 20. Bf3 {[%clk 0:00:15]} Rfd8
{[%clk 0:01:07]} 21. h4 Rab8 {[%clk 0:01:07]} 22. c3 {[%clk 0:00:13]} Kf8
{[%clk 0:00:53]} 23. g4 {[%clk 0:00:14]} Bf2 {[%clk 0:00:48]} 24. Rh1
{[%clk 0:00:15]} dxc4 {[%clk 0:00:44]} 25. Rxd8+ {[%clk 0:00:16]} Rxd8
{[%clk 0:00:45]} 26. Rh2 {[%clk 0:00:17]} Bb6 {[%clk 0:00:39]} 27. g5
{[%clk 0:00:15]} hxg5 {[%clk 0:00:33]} 28. hxg5 {[%clk 0:00:16]} Ke7
{[%clk 0:00:29]} 29. g6 {[%clk 0:00:09]} f6 {[%clk 0:00:27]} 30. Rh7
{[%clk 0:00:08]} Rg8 {[%clk 0:00:27]} 31. Bxc6 {[%clk 0:00:05]} Bf5
{[%clk 0:00:08]} 32. Bd5 {[%clk 0:00:06]} Be6 {[%clk 0:00:09]} 33. Bxe6
{[%clk 0:00:05]} Kxe6 {[%clk 0:00:10]} 34. exf6 Kxf6 {[%clk 0:00:11]} 35. Rh1
{[%clk 0:00:04]} Kxg6 {[%clk 0:00:12]} 36. Bd2 {[%clk 0:00:03]} Re8
{[%clk 0:00:10]} 37. Rh3 {[%clk 0:00:03]} Re4 {[%clk 0:00:10]} 38. Rg3+
{[%clk 0:00:04]} Kf7 {[%clk 0:00:11]} 39. Rg5 {[%clk 0:00:04]} Kf6
{[%clk 0:00:07]} 40. Kd1 {[%clk 0:00:04]} g6 {[%clk 0:00:03]} 41. Kc2
{[%clk 0:00:04]} Re5 42. Rg4 1-0

[Event "Russian Blitz Championship (w)"]
[Site "Sochi"]
[Date "2022.10.14"]
[Round "8.7"]
[White "Strutinskaia, Galina"]
[Black "Bivol, Alina"]
[Result "0-1"]
[BlackElo "2264"]
[WhiteElo "2090"]
[LiveChessVersion "1.4.8"]

1. d4 {[%clk 0:03:03]} d5 {[%clk 0:03:03]} 2. c4 {[%clk 0:03:02]} e6
{[%clk 0:03:04]} 3. Nf3 {[%clk 0:03:03]} Nf6 {[%clk 0:03:05]} 4. Nc3
{[%clk 0:03:04]} c5 {[%clk 0:03:06]} 5. cxd5 {[%clk 0:03:02]} cxd4
{[%clk 0:03:07]} 6. Nxd4 {[%clk 0:02:57]} Nxd5 {[%clk 0:02:49]} 7. Nxd5
{[%clk 0:02:42]} Qxd5 {[%clk 0:02:49]} 8. e3 {[%clk 0:02:43]} Be7
{[%clk 0:02:45]} 9. Bb5+ {[%clk 0:02:37]} Bd7 {[%clk 0:02:44]} 10. Bxd7+
{[%clk 0:02:37]} Nxd7 {[%clk 0:02:45]} 11. O-O {[%clk 0:02:37]} O-O
{[%clk 0:02:43]} 12. b3 {[%clk 0:02:32]} Rfd8 {[%clk 0:02:33]} 13. Bb2
{[%clk 0:02:32]} Bf6 {[%clk 0:02:25]} 14. Qf3 {[%clk 0:02:25]} Qxf3
{[%clk 0:02:17]} 15. gxf3 {[%clk 0:02:26]} Ne5 {[%clk 0:02:14]} 16. Kg2
{[%clk 0:02:25]} Nd3 {[%clk 0:02:09]} 17. Rab1 {[%clk 0:01:35]} Nxb2
{[%clk 0:02:09]} 18. Rxb2 {[%clk 0:01:36]} Bxd4 {[%clk 0:02:10]} 19. exd4
{[%clk 0:01:36]} Rxd4 {[%clk 0:02:11]} 20. Rc1 {[%clk 0:01:37]} Rd7
{[%clk 0:02:12]} 21. f4 {[%clk 0:01:36]} g6 {[%clk 0:02:05]} 22. Rc4
{[%clk 0:01:37]} Kg7 {[%clk 0:02:05]} 23. a4 {[%clk 0:01:38]} Rad8
{[%clk 0:02:00]} 24. Rbc2 {[%clk 0:01:36]} Rd3 {[%clk 0:01:44]} 25. b4
{[%clk 0:01:34]} R8d7 {[%clk 0:01:40]} 26. a5 {[%clk 0:01:34]} Kf6
{[%clk 0:01:32]} 27. Rc5 {[%clk 0:01:29]} R3d4 {[%clk 0:01:31]} 28. R2c4
{[%clk 0:01:30]} Rxc4 {[%clk 0:01:30]} 29. Rxc4 {[%clk 0:01:31]} Rd5
{[%clk 0:01:24]} 30. Kf3 {[%clk 0:01:27]} h6 {[%clk 0:01:14]} 31. Ke4
{[%clk 0:01:22]} h5 {[%clk 0:01:07]} 32. h4 {[%clk 0:01:23]} Rb5 {[%clk 0:00:59]}
33. Rd4 {[%clk 0:01:22]} Ke7 {[%clk 0:01:00]} 34. Rc4 {[%clk 0:01:18]} a6
{[%clk 0:00:57]} 35. Rd4 {[%clk 0:01:16]} b6 {[%clk 0:00:58]} 36. axb6
{[%clk 0:01:14]} Rxb6 {[%clk 0:00:59]} 37. Rc4 {[%clk 0:01:15]} Rb5
{[%clk 0:00:59]} 38. Rd4 {[%clk 0:01:15]} a5 {[%clk 0:00:56]} 39. bxa5
{[%clk 0:01:15]} Rxa5 {[%clk 0:00:57]} 40. Rb4 {[%clk 0:01:11]} Ra3
{[%clk 0:00:58]} 41. Ke5 {[%clk 0:01:02]} Ra5+ {[%clk 0:00:53]} 42. Ke4
{[%clk 0:01:03]} Kf6 {[%clk 0:00:54]} 43. Rb3 {[%clk 0:01:00]} Rc5
{[%clk 0:00:48]} 44. Ra3 {[%clk 0:00:59]} Rb5 {[%clk 0:00:44]} 45. Rc3
{[%clk 0:01:00]} Rb1 {[%clk 0:00:34]} 46. Kf3 {[%clk 0:00:56]} Rg1
{[%clk 0:00:35]} 47. Rc1 {[%clk 0:00:49]} Rg4 {[%clk 0:00:35]} 48. Rh1
{[%clk 0:00:49]} Kf5 {[%clk 0:00:37]} 49. Rc1 {[%clk 0:00:49]} Rxf4+
{[%clk 0:00:37]} 50. Kg3 {[%clk 0:00:51]} Rg4+ {[%clk 0:00:36]} 51. Kh3
{[%clk 0:00:51]} Ra4 {[%clk 0:00:37]} 52. Kg3 {[%clk 0:00:49]} Ra3+
{[%clk 0:00:38]} 53. f3 {[%clk 0:00:50]} e5 {[%clk 0:00:36]} 54. Rc4
{[%clk 0:00:49]} Ra7 {[%clk 0:00:29]} 55. Rb4 {[%clk 0:00:49]} Ke6
{[%clk 0:00:29]} 56. Rb5 {[%clk 0:00:41]} Rd7 {[%clk 0:00:27]} 57. Ra5
{[%clk 0:00:38]} Rd4 {[%clk 0:00:28]} 58. Ra7 {[%clk 0:00:36]} e4
{[%clk 0:00:28]} 59. Ra6+ {[%clk 0:00:31]} Ke5 {[%clk 0:00:20]} 60. Ra5+
{[%clk 0:00:31]} Rd5 {[%clk 0:00:20]} 61. f4+ {[%clk 0:00:32]} Ke6
{[%clk 0:00:20]} 62. Ra4 {[%clk 0:00:31]} Kf5 {[%clk 0:00:20]} 0-1

[Event "Russian Blitz Championship (w)"]
[Site "Sochi"]
[Date "2022.10.14"]
[Round "8.8"]
[White "Paramzina, Anastasya"]
[Black "Ovod, Evgenija"]
[Result "0-1"]
[BlackElo "2223"]
[WhiteElo "2129"]
[LiveChessVersion "1.4.8"]

1. e4 {[%clk 0:03:03]} e5 {[%clk 0:03:03]} 2. Nf3 {[%clk 0:03:04]} Nc6
{[%clk 0:03:04]} 3. Bc4 {[%clk 0:03:05]} Bc5 {[%clk 0:03:05]} 4. O-O
{[%clk 0:03:05]} Nf6 {[%clk 0:03:06]} 5. d3 {[%clk 0:03:06]} a6 {[%clk 0:03:04]}
6. a4 {[%clk 0:03:07]} O-O {[%clk 0:03:00]} 7. h3 {[%clk 0:03:06]} Ba7
{[%clk 0:02:54]} 8. Re1 {[%clk 0:02:59]} d6 {[%clk 0:02:52]} 9. c3
{[%clk 0:02:59]} Ne7 {[%clk 0:02:52]} 10. d4 {[%clk 0:02:54]} Ng6
{[%clk 0:02:49]} 11. Bd3 {[%clk 0:02:38]} h6 {[%clk 0:02:45]} 12. Na3
{[%clk 0:02:39]} Re8 {[%clk 0:02:39]} 13. Nc4 {[%clk 0:02:34]} exd4
{[%clk 0:02:21]} 14. Nxd4 {[%clk 0:02:18]} d5 {[%clk 0:01:59]} 15. exd5
{[%clk 0:02:17]} Rxe1+ {[%clk 0:01:58]} 16. Qxe1 {[%clk 0:02:18]} Qxd5
{[%clk 0:01:48]} 17. Be3 {[%clk 0:02:09]} c5 {[%clk 0:01:41]} 18. Nf3
{[%clk 0:00:38]} Qxd3 {[%clk 0:01:41]} 19. Na5 {[%clk 0:00:37]} Be6
{[%clk 0:01:22]} 20. Nxb7 {[%clk 0:00:30]} Rb8 {[%clk 0:01:22]} 21. Rd1
{[%clk 0:00:29]} Qc2 {[%clk 0:01:17]} 22. Nd8 {[%clk 0:00:17]} Qxb2
{[%clk 0:00:55]} 23. Nxe6 {[%clk 0:00:12]} fxe6 {[%clk 0:00:56]} 24. Bc1
{[%clk 0:00:09]} Qb3 {[%clk 0:00:53]} 25. Rd6 {[%clk 0:00:10]} Re8
{[%clk 0:00:50]} 26. Rxa6 {[%clk 0:00:11]} Bb8 {[%clk 0:00:49]} 27. a5
{[%clk 0:00:12]} e5 {[%clk 0:00:40]} 28. Rb6 {[%clk 0:00:13]} Qd5
{[%clk 0:00:36]} 29. a6 {[%clk 0:00:13]} Nd7 {[%clk 0:00:30]} 30. Rb7
{[%clk 0:00:13]} Qc6 {[%clk 0:00:27]} 31. Qe2 {[%clk 0:00:10]} Nf6
{[%clk 0:00:26]} 32. Qc4+ {[%clk 0:00:10]} Kh7 {[%clk 0:00:26]} 33. Qb3
{[%clk 0:00:11]} Bd6 {[%clk 0:00:26]} 34. a7 {[%clk 0:00:12]} Ra8
{[%clk 0:00:27]} 35. Rb6 {[%clk 0:00:13]} Qc7 {[%clk 0:00:26]} 36. Rb7
{[%clk 0:00:14]} Qd8 {[%clk 0:00:25]} 37. Qf7 {[%clk 0:00:15]} Qf8
{[%clk 0:00:22]} 38. Qd7 {[%clk 0:00:16]} Nxd7 39. Rxd7 Qf6 {[%clk 0:00:17]} 40.
Be3 {[%clk 0:00:17]} e4 {[%clk 0:00:17]} 41. Nd2 {[%clk 0:00:18]} Qxc3
{[%clk 0:00:17]} 42. Nxe4 {[%clk 0:00:19]} Qa1+ {[%clk 0:00:17]} 0-1

[Event "Russian Blitz Championship (w)"]
[Site "Sochi"]
[Date "2022.10.14"]
[Round "9.1"]
[White "Diakonova, Ekaterina"]
[Black "Voit, Daria"]
[Result "1/2-1/2"]
[BlackElo "2247"]
[WhiteElo "1987"]
[LiveChessVersion "1.4.8"]

1. e4 {[%clk 0:03:03]} c6 {[%clk 0:03:03]} 2. d4 {[%clk 0:03:04]} d5
{[%clk 0:03:04]} 3. exd5 {[%clk 0:03:05]} cxd5 {[%clk 0:03:05]} 4. Bd3
{[%clk 0:03:06]} Nc6 {[%clk 0:03:06]} 5. c3 {[%clk 0:03:07]} Nf6 {[%clk 0:03:04]}
6. h3 {[%clk 0:03:08]} e5 {[%clk 0:03:04]} 7. dxe5 {[%clk 0:03:08]} Nxe5
{[%clk 0:03:05]} 8. Nf3 {[%clk 0:03:09]} Nxd3+ {[%clk 0:03:01]} 9. Qxd3
{[%clk 0:03:09]} h6 {[%clk 0:02:56]} 10. O-O {[%clk 0:03:09]} Be7
{[%clk 0:02:57]} 11. Be3 {[%clk 0:03:01]} O-O {[%clk 0:02:56]} 12. Nbd2
{[%clk 0:03:02]} Re8 {[%clk 0:02:53]} 13. Bd4 {[%clk 0:02:53]} Be6
{[%clk 0:02:52]} 14. Rfe1 {[%clk 0:02:44]} Qc7 {[%clk 0:02:44]} 15. Bxf6
{[%clk 0:02:36]} Bxf6 {[%clk 0:02:44]} 16. Nd4 {[%clk 0:02:37]} a6
{[%clk 0:02:41]} 17. N2b3 {[%clk 0:02:13]} Bd7 {[%clk 0:02:41]} 18. Rad1
{[%clk 0:02:02]} Rxe1+ {[%clk 0:02:41]} 19. Rxe1 {[%clk 0:02:03]} Re8
{[%clk 0:02:42]} 20. Rxe8+ {[%clk 0:02:01]} Bxe8 {[%clk 0:02:42]} 21. Nf3
{[%clk 0:02:01]} Qd6 {[%clk 0:02:34]} 22. Qe3 {[%clk 0:01:59]} Bc6
{[%clk 0:02:24]} 23. Nbd4 {[%clk 0:01:34]} Bd7 {[%clk 0:02:23]} 24. Nb3
{[%clk 0:01:35]} Bc6 {[%clk 0:02:18]} 25. Nbd4 {[%clk 0:01:36]} Bd7
{[%clk 0:02:18]} 26. Nb3 {[%clk 0:01:37]} 1/2-1/2

[Event "Russian Blitz Championship (w)"]
[Site "Sochi"]
[Date "2022.10.14"]
[Round "9.2"]
[White "Bivol, Alina"]
[Black "Girya, Olga"]
[Result "1/2-1/2"]
[BlackElo "2298"]
[WhiteElo "2264"]
[LiveChessVersion "1.4.8"]

1. e4 {[%clk 0:03:03]} e5 {[%clk 0:03:03]} 2. Nf3 {[%clk 0:03:03]} Nc6
{[%clk 0:03:04]} 3. Bc4 {[%clk 0:03:04]} Bc5 {[%clk 0:03:06]} 4. c3
{[%clk 0:03:04]} Nf6 {[%clk 0:03:07]} 5. d4 {[%clk 0:03:05]} exd4
{[%clk 0:03:07]} 6. cxd4 {[%clk 0:03:06]} Bb4+ {[%clk 0:03:07]} 7. Nbd2
{[%clk 0:03:06]} d5 {[%clk 0:03:01]} 8. exd5 {[%clk 0:03:07]} Nxd5
{[%clk 0:03:02]} 9. O-O {[%clk 0:03:07]} O-O {[%clk 0:03:02]} 10. a3
{[%clk 0:03:08]} Bxd2 {[%clk 0:03:00]} 11. Bxd2 {[%clk 0:03:09]} Be6
{[%clk 0:03:00]} 12. Rc1 {[%clk 0:03:06]} h6 {[%clk 0:03:01]} 13. Re1
{[%clk 0:03:03]} Qd6 {[%clk 0:02:58]} 14. h3 {[%clk 0:03:04]} Rfe8
{[%clk 0:02:56]} 15. b4 {[%clk 0:02:58]} a6 {[%clk 0:02:28]} 16. Ne5
{[%clk 0:02:51]} Nxd4 {[%clk 0:02:10]} 17. Bxh6 {[%clk 0:02:37]} Nf5
{[%clk 0:02:09]} 18. Bd2 {[%clk 0:02:28]} Rad8 {[%clk 0:02:10]} 19. Nf3
{[%clk 0:02:22]} Nb6 {[%clk 0:02:02]} 20. Bxe6 {[%clk 0:02:16]} Rxe6
{[%clk 0:02:02]} 21. Qc2 {[%clk 0:02:08]} Rxe1+ {[%clk 0:01:55]} 22. Bxe1
{[%clk 0:01:55]} Qe6 {[%clk 0:01:17]} 23. Bc3 {[%clk 0:01:49]} Nd5
{[%clk 0:01:07]} 24. Bb2 {[%clk 0:01:44]} Nd6 {[%clk 0:00:25]} 25. Re1
{[%clk 0:01:28]} Qf5 {[%clk 0:00:25]} 26. Qxf5 {[%clk 0:00:52]} Nxf5
{[%clk 0:00:27]} 27. Re4 {[%clk 0:00:43]} Nd6 {[%clk 0:00:21]} 28. Rd4
{[%clk 0:00:39]} Nf5 {[%clk 0:00:14]} 29. Re4 {[%clk 0:00:38]} f6
{[%clk 0:00:15]} 30. g4 {[%clk 0:00:35]} Nd6 {[%clk 0:00:16]} 31. Rd4
{[%clk 0:00:29]} Nb6 {[%clk 0:00:18]} 32. g5 {[%clk 0:00:23]} Kf7
{[%clk 0:00:18]} 33. gxf6 {[%clk 0:00:23]} gxf6 {[%clk 0:00:19]} 34. Rh4
{[%clk 0:00:24]} Kg6 {[%clk 0:00:16]} 35. Rg4+ {[%clk 0:00:24]} Kf7
{[%clk 0:00:18]} 36. h4 {[%clk 0:00:17]} Ndc4 {[%clk 0:00:15]} 37. Bd4
{[%clk 0:00:16]} Nd5 {[%clk 0:00:14]} 38. a4 {[%clk 0:00:15]} Nxb4
{[%clk 0:00:09]} 39. Bxf6 {[%clk 0:00:11]} Kxf6 {[%clk 0:00:08]} 40. Rxc4
{[%clk 0:00:12]} Nd5 {[%clk 0:00:09]} 41. a5 {[%clk 0:00:10]} Rg8+
{[%clk 0:00:09]} 42. Kf1 {[%clk 0:00:10]} Kf5 {[%clk 0:00:11]} 43. Nd4+
{[%clk 0:00:09]} Ke5 {[%clk 0:00:12]} 44. Nf3+ {[%clk 0:00:10]} Kf5
{[%clk 0:00:13]} 45. Nd4+ {[%clk 0:00:11]} Ke5 1/2-1/2

[Event "Russian Blitz Championship (w)"]
[Site "Sochi"]
[Date "2022.10.14"]
[Round "9.3"]
[White "Gunina, Valentina"]
[Black "Tomilova, Elena"]
[Result "1/2-1/2"]
[BlackElo "2107"]
[WhiteElo "2376"]
[LiveChessVersion "1.4.8"]

1. d4 {[%clk 0:03:01]} Nf6 {[%clk 0:03:03]} 2. c4 {[%clk 0:03:02]} e6
{[%clk 0:03:04]} 3. Nf3 {[%clk 0:03:03]} b6 {[%clk 0:03:05]} 4. g3
{[%clk 0:03:03]} Ba6 {[%clk 0:03:00]} 5. b3 {[%clk 0:03:03]} Bb4+
{[%clk 0:03:01]} 6. Bd2 {[%clk 0:03:04]} Bxd2+ {[%clk 0:03:00]} 7. Qxd2
{[%clk 0:03:04]} d5 {[%clk 0:02:58]} 8. cxd5 {[%clk 0:03:00]} exd5
{[%clk 0:02:56]} 9. Bg2 {[%clk 0:02:59]} O-O {[%clk 0:02:51]} 10. O-O
{[%clk 0:02:58]} c5 {[%clk 0:02:52]} 11. Nc3 {[%clk 0:02:51]} Nc6
{[%clk 0:02:51]} 12. Rfd1 {[%clk 0:02:42]} Ne4 {[%clk 0:02:46]} 13. Nxe4
{[%clk 0:02:26]} dxe4 {[%clk 0:02:46]} 14. Ng5 {[%clk 0:02:26]} Nxd4
{[%clk 0:02:05]} 15. Bxe4 {[%clk 0:02:26]} Nxe2+ {[%clk 0:02:01]} 16. Kg2
{[%clk 0:02:20]} Qxd2 {[%clk 0:01:29]} 17. Rxd2 {[%clk 0:02:21]} Rae8
{[%clk 0:01:22]} 18. Bxh7+ Kh8 19. Be4 {[%clk 0:01:41]} f6 {[%clk 0:01:14]} 20.
Bc6 {[%clk 0:00:54]} fxg5 {[%clk 0:01:03]} 21. Bxe8 {[%clk 0:00:54]} Rxe8
{[%clk 0:01:03]} 22. Rd7 {[%clk 0:00:51]} Bb5 {[%clk 0:00:45]} 23. Rxa7
{[%clk 0:00:32]} Nd4 {[%clk 0:00:42]} 24. h3 {[%clk 0:00:25]} Bc6+
{[%clk 0:00:37]} 25. Kf1 {[%clk 0:00:26]} Bb5+ {[%clk 0:00:32]} 26. Kg2
{[%clk 0:00:23]} Bc6+ {[%clk 0:00:32]} 27. Kf1 {[%clk 0:00:25]} Bb5+
{[%clk 0:00:34]} 28. Kg2 {[%clk 0:00:26]} Bc6+ {[%clk 0:00:35]} 1/2-1/2

[Event "Russian Blitz Championship (w)"]
[Site "Sochi"]
[Date "2022.10.14"]
[Round "9.4"]
[White "Ovod, Evgenija"]
[Black "Dimitrova, Aleksandra"]
[Result "0-1"]
[BlackElo "2051"]
[WhiteElo "2223"]
[LiveChessVersion "1.4.8"]

1. e4 {[%clk 0:03:04]} c5 {[%clk 0:03:04]} 2. Nf3 {[%clk 0:03:05]} e6
{[%clk 0:03:05]} 3. c3 {[%clk 0:03:05]} d5 {[%clk 0:03:02]} 4. exd5
{[%clk 0:03:06]} exd5 {[%clk 0:03:03]} 5. d4 {[%clk 0:03:06]} c4 {[%clk 0:02:48]}
6. Be2 {[%clk 0:03:00]} Nf6 {[%clk 0:02:42]} 7. O-O {[%clk 0:03:00]} Bd6
{[%clk 0:02:39]} 8. b3 {[%clk 0:02:59]} cxb3 {[%clk 0:02:39]} 9. axb3
{[%clk 0:03:00]} O-O {[%clk 0:02:39]} 10. Ba3 {[%clk 0:02:57]} Nc6
{[%clk 0:02:36]} 11. Nbd2 {[%clk 0:02:48]} Bf5 {[%clk 0:02:32]} 12. h3
{[%clk 0:02:39]} h6 {[%clk 0:02:32]} 13. Re1 {[%clk 0:02:36]} Rc8
{[%clk 0:02:30]} 14. Bf1 {[%clk 0:02:26]} a6 {[%clk 0:02:27]} 15. Bxd6
{[%clk 0:02:07]} Qxd6 {[%clk 0:02:28]} 16. Ne5 {[%clk 0:02:07]} Nd7
{[%clk 0:01:59]} 17. Nxd7 {[%clk 0:01:57]} Qxd7 {[%clk 0:01:56]} 18. Nf3
{[%clk 0:01:45]} Qd6 {[%clk 0:01:56]} 19. Bd3 {[%clk 0:01:38]} Bxd3
{[%clk 0:01:53]} 20. Qxd3 {[%clk 0:01:39]} Rfe8 {[%clk 0:01:53]} 21. Re3
{[%clk 0:01:38]} Rxe3 {[%clk 0:01:46]} 22. Qxe3 {[%clk 0:01:37]} Ne7
{[%clk 0:01:19]} 23. Qd3 {[%clk 0:01:33]} Ng6 {[%clk 0:01:19]} 24. g3
{[%clk 0:01:32]} Qb6 {[%clk 0:01:13]} 25. c4 {[%clk 0:01:31]} dxc4
{[%clk 0:01:02]} 26. bxc4 {[%clk 0:01:30]} Qc6 {[%clk 0:01:03]} 27. Rc1
{[%clk 0:01:28]} b5 {[%clk 0:01:04]} 28. c5 {[%clk 0:01:19]} Qd5 {[%clk 0:00:58]}
29. Ra1 {[%clk 0:01:12]} Rxc5 {[%clk 0:00:52]} 30. Rxa6 {[%clk 0:01:11]} Rc1+
{[%clk 0:00:50]} 31. Kh2 {[%clk 0:01:06]} b4 {[%clk 0:00:46]} 32. Qd2
{[%clk 0:00:30]} Qc4 {[%clk 0:00:23]} 33. Ra8+ {[%clk 0:00:29]} Kh7
{[%clk 0:00:23]} 34. Ne5 {[%clk 0:00:07]} Nxe5 {[%clk 0:00:18]} 35. dxe5
{[%clk 0:00:05]} Qc6 {[%clk 0:00:17]} 0-1